Online
Catalog

Gardens / (Record no. 29442)

MARC details
000 -CABECERA
campo de control de longitud fija 00708nam a2200217 a 4500
001 - NÚMERO DE CONTROL
campo de control 000029950
005 - FECHA Y HORA DE LA ÚLTIMA TRANSACCIÓN
campo de control 20240305100318.0
008 - DATOS DE LONGITUD FIJA--INFORMACIÓN GENERAL
campo de control de longitud fija 110427s2010 dr 000 p spa d
020 ## - NÚMERO INTERNACIONAL ESTÁNDAR DEL LIBRO
Número Internacional Estándar del Libro 9789945420821
040 ## - FUENTE DE LA CATALOGACIÓN
Centro catalogador/agencia de origen DO-SdBNP
Lengua de catalogación spa
Centro/agencia transcriptor BNPHU
041 17 - CÓDIGO DE LENGUA
Código de lengua del texto/banda sonora o título independiente spa
Código de lengua del sumario o resumen eng
-- por
-- fre
082 ## - NÚMERO DE LA CLASIFICACIÓN DECIMAL DEWEY
Número de clasificación xxx
Número de documento/Ítem G754g
049 ## - FONDOS LOCALES (OCLC)
Fondos de biblioteca BNPD
100 1# - ENTRADA PRINCIPAL--NOMBRE DE PERSONA
Nombre de persona Grando, Cristiane,
Fechas asociadas al nombre 1974-
9 (RLIN) 24064
245 10 - MENCIÓN DE TÍTULO
Título Gardens /
Mención de responsabilidad, etc. Cristiane Grando ; traducción Espérance Aniesa, María Luisa Santoni.
260 ## - PUBLICACIÓN, DISTRIBUCIÓN, ETC.
Lugar de publicación, distribución, etc. Santo Domingo :
Nombre del editor, distribuidor, etc. Angeles de Fierro,
Fecha de publicación, distribución, etc. 2010.
300 ## - DESCRIPCIÓN FÍSICA
Extensión 55 p. ;
Dimensiones 16 cm.
500 ## - NOTA GENERAL
Nota general Textos en español, portugues, ingles y frances
700 1# - PUNTO DE ACCESO ADICIONAL--NOMBRE DE PERSONA
Nombre de persona Aniesa, Espérance,
Término indicativo de función/relación tr.
9 (RLIN) 824
700 1# - PUNTO DE ACCESO ADICIONAL--NOMBRE DE PERSONA
Nombre de persona Santoni, María Luisa,
Término indicativo de función/relación tr.
9 (RLIN) 1320
Holdings
Estado de retiro Estado de pérdida No para préstamo Código de colección Localización permanente Ubicación/localización actual Ubicación en estantería Fecha de adquisición Número de inventario Total de préstamos Signatura topográfica completa Código de barras Fecha visto por última vez Precio válido a partir de Tipo de ítem Koha Restricciones de uso Número de copia
    Excluido de préstamo Patrimonio Dominicano Patrimonio Dominicano Patrimonio Dominicano En catalogación 27.04.2011 LF1   xxx G754g 29950-10 25.06.2020 25.06.2020 Libro y Folleto Colección Patrimonio Dominicano    
    Préstamo restrigido Patrimonio Dominicano Patrimonio Dominicano Patrimonio Dominicano En catalogación 27.04.2011 LF1   xxx G754g 29950-20 25.06.2020 25.06.2020 Libro y Folleto Colección Patrimonio Dominicano   e. 2

Powered by Koha